Statistics for American/British TV Remakes with Different Names

Click here to take the quiz!

General Stats

  • This quiz has been taken 64 times
  • The average score is 9 of 20

Answer Stats

HintAnswer% Correct
British To AmericanStrictly Come DancingD{ancing} W{ith} T{he} S{tars}
91%
British To AmericanPop IdolA{merican} I{dol}
86%
American To BritishCard SharksP{lay} Y{our} C{ards} R{ight}
70%
American To BritishCollege BowlU{niversity} C{hallenge}
68%
American To BritishJersey ShoreG{eordie} S{hore}
67%
American To BritishTeen MomT{een} M{um}
67%
American To BritishFamily FeudF{amily} F{ortunes}
60%
American To BritishMarried with ChildrenM{arried} F{or} L{ife}
56%
American To BritishHollywood SquaresC{elebrity} S{quares}
54%
British To AmericanScrapheap ChallengeJ{unkyard} W{ars}
44%
British To AmericanTill Death Us Do PartA{ll} I{n} T{he} F{amliy}
42%
British To AmericanThe Thick Of ItV{eep}
35%
British To AmericanSteptoe and SonS{anford} A{nd} S{on}
33%
British To AmericanDancing on IceS{kating} W{ith} C{elebrities}
33%
British To AmericanMan About the HouseT{hree}'{s} C{ompany}
30%
American To BritishMatch GameB{lankety} B{lank}
21%
American To BritishThe Golden GirlsT{he} B{righton} B{elles}
16%
British To AmericanChanging RoomsT{rading} S{paces}
14%
British To AmericanThe 1900 HouseF{rontier} H{ouse}
5%
American To BritishThat '70s ShowD{ays} L{ike} T{hese}
2%

Score Distribution

Percentile by Number Answered

Percent of People with Each Score

Your Score History

You have not taken this quiz